[Event "GER-ch U25-C"]
[Site "Willingen"]
[Date "2023.06.03"]
[Round "9"]
[White "Dauerer, Leonhard"]
[Black "Grunert, Greta"]
[Result "1/2-1/2"]
[WhiteElo "1184"]
[BlackElo "1100"]
[PlyCount "53"]
[EventDate "2023.05.27"]
[EventType "swiss"]
[EventRounds "9"]
[EventCountry "GER"]
[SourceTitle "CBM 214 Extra"]
[Source "ChessBase"]
[SourceDate "2023.07.31"]
[SourceVersion "1"]
[SourceVersionDate "2023.07.31"]
[SourceQuality "1"]

1. e4 c6 2. d4 d5 3. Nc3 dxe4 4. Nxe4 Bf5 5. Ng3 Bg6 6. Nf3 Nd7 7. Bc4 e6 8. 0-0 Ngf6 9. Qe2 Be7 10. Re1 0-0 11. Bxe6 fxe6 12. Qxe6+ Kh8 13. Qxe7 Qxe7 14. Rxe7 Bxc2 15. b3 Rfe8 16. Rxe8+ Rxe8 17. Bb2 Rc8 18. Rc1 Bg6 19. Nh4 Bf7 20. Nhf5 Nb6 21. Nd6 Rc7 22. Nxf7+ Rxf7 23. f3 Re7 24. Kf2 Nfd5 25. Ne4 Nb4 26. Rb1 N6d5 27. a4 1/2-1/2

[Event "GER-ch U25-C"]
[Site "Willingen"]
[Date "2023.05.31"]
[Round "6"]
[White "Haas, Valentina"]
[Black "Dauerer, Leonhard"]
[Result "0-1"]
[WhiteElo "797"]
[BlackElo "1184"]
[PlyCount "42"]
[EventDate "2023.05.27"]
[EventType "swiss"]
[EventRounds "9"]
[EventCountry "GER"]
[SourceTitle "CBM 214 Extra"]
[Source "ChessBase"]
[SourceDate "2023.07.31"]
[SourceVersion "1"]
[SourceVersionDate "2023.07.31"]
[SourceQuality "1"]

1. e4 e5 2. Nf3 Nc6 3. Nc3 Nf6 4. Bb5 Bc5 5. Bc4 d6 6. d3 h6 7. h3 0-0 8. 0-0 Be6 9. Bb3 Ne7 10. Re1 Qd7 11. Bd2 Ng6 12. Ba4 c6 13. Be3 Bb6 14. Bb3 Nh5 15. Na4 Bc7 16. c4 Nhf4 17. c5 Bxh3 18. g3 Bg2 19. Nh4 Nxh4 20. Bxf4 Qh3 21. gxh4 Qh1# 0-1

[Event "GER-ch U25-C"]
[Site "Willingen"]
[Date "2023.05.29"]
[Round "3"]
[White "Funke, Maximilian1111"]
[Black "Dauerer, Leonhard"]
[Result "0-1"]
[WhiteElo "1031"]
[BlackElo "1184"]
[PlyCount "76"]
[EventDate "2023.05.27"]
[EventType "swiss"]
[EventRounds "9"]
[EventCountry "GER"]
[SourceTitle "CBM 214 Extra"]
[Source "ChessBase"]
[SourceDate "2023.07.31"]
[SourceVersion "1"]
[SourceVersionDate "2023.07.31"]
[SourceQuality "1"]

1. e4 e5 2. Nf3 Nc6 3. Bc4 Bc5 4. c3 Nf6 5. d4 exd4 6. cxd4 Bb4+ 7. Nc3 0-0 8. 0-0 Bxc3 9. bxc3 Nxe4 10. Qe1 d5 11. Bd3 Nf6 12. Bg5 Re8 13. Qd2 Bg4 14. Qf4 Bxf3 15. Qxf3 Re6 16. Rae1 Qd6 17. Bf5 Rxe1 18. Rxe1 Ne7 19. Bd3 Ng6 20. Bxf6 gxf6 21. h3 Rc8 22. Qg4 Rf8 23. h4 Qf4 24. Qxf4 Nxf4 25. Bf5 c6 26. g3 Ng6 27. h5 Nh8 28. Rc1 Rd8 29. Rb1 b6 30. Rc1 c5 31. dxc5 bxc5 32. c4 d4 33. Rd1 Rb8 34. Rd2 h6 35. Re2 Kf8 36. Kg2 Rb4 37. Bd7 Rxc4 38. Re8+ Kg7 0-1

[Event "GER-chT U14"]
[Site "Kelheim"]
[Date "2022.12.27"]
[Round "1"]
[White "Dauerer, Leonhard"]
[Black "Wachtel, Alexandra"]
[Result "0-1"]
[WhiteElo "1069"]
[BlackElo "1147"]
[PlyCount "126"]
[EventDate "2022.12.26"]
[EventType "team-swiss"]
[EventRounds "7"]
[EventCountry "GER"]
[SourceTitle "CBM 212 Extra"]
[Source "ChessBase"]
[SourceDate "2023.03.31"]
[SourceVersion "1"]
[SourceVersionDate "2023.03.31"]
[SourceQuality "1"]
[WhiteTeam "Kelheim"]
[BlackTeam "Augsburg SF"]
[WhiteTeamCountry "GER"]
[BlackTeamCountry "GER"]

1. e4 e6 2. d4 d5 3. e5 c5 4. c3 Nc6 5. Nf3 Qb6 6. Be2 Nge7 7. Na3 cxd4 8. cxd4 Nf5 9. Bb5 Bxa3 10. Bxc6+ Qxc6 11. bxa3 Qc3+ 12. Bd2 Qxa3 13. Qb3 Qxb3 14. axb3 0-0 15. Rc1 Re8 16. 0-0 Re7 17. g4 Nh6 18. h3 Kh8 19. Rc2 b6 20. Rfc1 Ba6 21. Bb4 Ree8 22. Rc7 Rec8 23. Ng5 Rxc7 24. Rxc7 Kg8 25. Kg2 Bb5 26. Rb7 Bc6 27. Rc7 Bb5 28. Rb7 Be2 29. f3 Bd1 30. f4 g6 31. Nf3 f5 32. exf6 Bxf3+ 33. Kxf3 Nf7 34. h4 h6 35. g5 h5 36. Re7 a5 37. Ba3 b5 38. Rxe6 b4 39. Bb2 a4 40. Rb6 a3 41. Ba1 Rc8 42. Rxb4 Rc1 43. Ra4 Rxa1 44. b4 a2 45. Ke2 Rh1 46. Ra8+ Kh7 47. Ra7 a1Q 48. Rxa1 Rxa1 49. Kd3 Ra3+ 50. Kc2 Rh3 51. b5 Ra3 52. Kb2 Ra5 53. b6 Rb5+ 54. Kc3 Rxb6 55. Kd3 Rb3+ 56. Kc2 Rh3 57. Kd2 Rxh4 58. Ke3 Rh3+ 59. Ke2 h4 60. Kd2 Rf3 61. Ke2 Rxf4 62. Ke3 Rf5 63. Ke2 h3 0-1